000 00911nam a22002175i 4500
001 163867
003 ES-MaACL
005 20231103062536.0
008 050720s1860 fr | |||||||| ||fre d
040 _aCAM
_bspa
_cCAM
100 1 _aRoisselet de Sauclières.
_9131996
245 1 0 _aHistoire de la révolution française
_b: précédée d'un aperçu historique sur les règnes de Louis XV et de Louis XVI et suivie du Procès de Louis XVI, tiré des séances de la Convention Nationale /
_cpar Roisselet de Sauclières.
250 _a2e éd.
260 _aParis :
_bAdolphe Delahays, libraire-éditeur,
_c1860.
300 _a1 v. ;
_c23 cm.
597 _aT. I. (444 p.)
651 4 _aFrancia-
_xHistoria-
_y1789-1799, Revolución
_98685
651 4 _aFrancia-
_xHistoria-
_y1643-1715, Luis XIV.
_98682
852 _aES-MaACL
_jB-3489
_z-- Sin enc.
_q-- Contiene únicamente T. I
999 _c163867
_d163867